[Event "Las Vegas National op"]
[Site "Las Vegas"]
[Date "1994.??.??"]
[Round "?"]
[White "Maass Garza, Alejandro"]
[Black "Freeman, Michael"]
[Result "0-1"]
[WhiteElo "2265"]
[BlackElo "2205"]
[PlyCount "46"]
[EventDate "1994.??.??"]
[EventType "swiss"]
[EventRounds "6"]
[EventCountry "USA"]
[SourceTitle "EXT 1997"]
[Source "ChessBase"]
[SourceDate "1996.11.15"]
[SourceVersion "1"]
[SourceVersionDate "1996.11.15"]
[SourceQuality "1"]

1. e4 c5 2. Nf3 d6 3. d4 cxd4 4. Nxd4 Nf6 5. Nc3 a6 6. Bg5 e6 7. f4 b5 8. e5 dxe5 9. fxe5 Qc7 10. exf6 Qe5+ 11. Be2 Qxg5 12. 0-0 Ra7 13. Nf5 exf5 14. Qd4 Nc6 15. Qb6 Qxf6 16. Nxb5 Rb7 17. Qxa6 Bc5+ 18. Kh1 0-0 19. Bf3 Rb6 20. Qa4 Ne5 21. Nc3 Nxf3 22. Rxf3 Bb7 23. Rg3 Bd6 0-1